1939 1281 1015 1615 1938 1499 1232 1332 1772 1680 1766 1615 1655 1196 1165 1618 1249 1623 1714 1524 1838 1483 1755 1763 1788 1394 1508 1601 1392 1444 1918 1661 1961 1432 1521 1325 1979 1427 1624 1258 1633 1965 1662 1303 1362 1611 1810 1447 1555 1445 1834 1434 1579 1545 1050 1614 1456 1824 1143 1173 1874 1786 1055 1453 1111 1687 1669 1758 1982 1450 1106 1715 1642 1682 1665 1291 1639 1221 1310 1305 1573 1367 1112 1488 1428 1125 1001 1098 1379 1428 1635 1582 1798 1968 1478 1530 1265 1291 1023 BCNSPRNW ULIB Ver.6.0+V

เปลี่ยนเป็นภาษาไทย

Change to English
 แสดงรายละเอียดบรรณานุกรม
  กลับหน้าหลัก

Brief Record : Get Marc (ISO 2709) : E-mail record : QR code < ปิดหน้าต่าง
LEADER : 00000nam 2200000uu 4500
001    13399123018
003     ULIB
008    131128s2555||||th 000 0 tha d
020    ^a97861621425604
090    ^aนว^bพ187พ ล.17
100 0  ^aพนมเทียน
245 10 ^aเพชรพระอุมา: ป่าโลกล้านปี เล่ม 1 /^cพนมเทียน
250    ^aพิมพ์รวมเล่มครั้งที่ 6
260    ^aกรุงเทพฯ :^bณ บ้านวรรณกรรม,^c2555
300    ^a 437 หน้า
505 00 ^a^gล.1-4^tไพรมหากาฬ --^gล.5-8^tดงมรณะ -- ^gล.9-12^tจอมผีดิบมันตรัย -- ^gล.13-16^tอาถรรพณ์นิทรานคร -- ^gล.17-20^tป่าโลกล้านปี -- ^gล.21-24^tแงซายจอมจักรา -- ^gล.25-28^tจอมพราน -- ^gล.29-32^tไอ้งาดำ -- ^gล.33-36^tจิตรางคนางค์-- ^gล.37-40^tนาคเทวี -- ^gล.41-44^tแด่ปางบรรพ์ -- ^gล.45-48^tมงกุฎไพร
650  4 ^aนวนิยายไทย
945    ^p225^l0^i034221
999    ^aเกษร โพธิ์สุวรรณ
รายการนี้ยังไม่มีแท็ก
คุณยังไม่ได้ล็อกอิน คุณสามารถมีกิจกรรมร่วมกับเว็บไซต์ได้ แต่ต้องล็อกอินก่อน ::
  ล็อกอิน

รายการสื่อสารสนเทศ

ลำดับที่ ประเภท เลขเรียก/บาร์โค้ด สถานที่ สถานะ
1. นวนิยาย
นวนิยาย
นว พ187พ ล.17  
  Barcode: 034221
ห้องสมุดวิทยาเขตสวรรค์ประชารักษ์
►นวนิยาย
บนชั้น
  ขอยืม

รายการใกล้เคียง
    ผู้แต่ง [พนมเทียน]

    หัวเรื่อง [นวนิยายไทย]

BibComment


ยังไม่เคยถูกคอมเมนท์

คอมเมนท์ทรัพยากรรายการนี้
  คอมเมนท์: เพชรพระอุมา ป่าโ..


 Copyright 2026. Bcnsprnw @Library